| 000 | 00948nam a22003017a 4500 | ||
|---|---|---|---|
| 003 | CHAP | ||
| 005 | 20220329140732.0 | ||
| 008 | 971013c19491943 r 00010 d | ||
| 010 | _a56757 | ||
| 011 | _a57729 | ||
| 035 | _a61884 | ||
| 040 | _cCHAP | ||
| 082 |
_a581.194 _bS24 1949 |
||
| 100 | 0 | 0 |
_aSchopfer, W. H. _9103145 |
| 245 | _aPlants and vitamins | ||
| 260 |
_aWaltham : _bChronica Botanica, _c1949 (c.1943) |
||
| 300 |
_a293 p. _b: ilus. |
||
| 490 |
_aNew series of plant science books _v; 11 |
||
| 590 |
_aBATCH-UPD _b10 _c20130110 _lUCH01 _h0639 |
||
| 590 |
_aBATCH-UPD _b10 _c20130110 _lUCH01 _h2313 |
||
| 590 |
_aCONVERSION _b10 _c20130109 _lUCH01 _h1330 |
||
| 650 | 1 | 4 |
_aPlantas _xCrecimiento _xAditivos. _988804 |
| 650 | 1 | 4 |
_aVitaminas en plantas. _9120024 |
| 830 | 0 |
_aNew series of plant science books _v; 11 _981011 |
|
| 901 | _aBK | ||
| 942 | _cLIBRO | ||
| 949 |
_a581.194 S24 1949 _bBC _cLIBRO _d33724000452595 _eLIBRO _h9384 _i61884 _si |
||
| 999 |
_c56757 _d56757 |
||